| 000 | 00882cam a2200325 4500500 | ||
|---|---|---|---|
| 005 | 20260329002845.0 | ||
| 041 | _afre | ||
| 042 | _adc | ||
| 100 | 1 | 0 |
_aLegros, Martin _eauthor |
| 245 | 0 | 0 | _aMatière à penser / Février 2014 |
| 260 | _c2014. | ||
| 500 | _a80 | ||
| 690 | _aAlain de Botton | ||
| 690 | _aEntreprise | ||
| 690 | _aEspérance de vie | ||
| 690 | _aÉtats-Unis | ||
| 690 | _aFrançois Fillon | ||
| 690 | _aInternet | ||
| 690 | _aMaël Renouard | ||
| 690 | _aMarche | ||
| 690 | _aMIT | ||
| 690 | _aNoam Chomsky | ||
| 690 | _aPresse | ||
| 690 | _aPropagande | ||
| 690 | _aSomme théologique | ||
| 690 | _aTemps | ||
| 690 | _aTontons Flingueurs | ||
| 786 | 0 | _nPhilosophie magazine | 76 | 2 | 2014-02-01 | p. 8-8 | 1951-1787 | |
| 856 | 4 | 1 | _uhttps://shs.cairn.info/magazine-philosophie-magazine-2014-2-page-8?lang=fr&redirect-ssocas=7080 |
| 999 |
_c1819044 _d1819044 |
||